| 000 | 00405nam a2200169Ia 4500 | ||
|---|---|---|---|
| 008 | 230524s9999 xx 000 0 und d | ||
| 082 |
_a621.4024 _bKUN |
||
| 100 |
_aPijush K.Kundu _98982 |
||
| 245 | 0 | _aFluid Mechanics | |
| 250 | _a3RD | ||
| 260 |
_aNEW DELHI _bElsevier _c2004 |
||
| 300 | _a759 | ||
| 500 | _aQuantity Number: 1 | ||
| 650 | _aMechanics | ||
| 700 |
_a Ira M.Cohen _98983 |
||
| 942 | _cBK | ||
| 999 |
_c12863 _d12863 |
||